| 000 | 00950nam a2200253 a 4500 | ||
|---|---|---|---|
| 001 | 44802 | ||
| 003 | BD-RjUL | ||
| 005 | 20211209053924.0 | ||
| 008 | 160720s1968 pk a|||| b||| 00| 0bben d | ||
| 020 | _c: PRs. 15.00 | ||
| 035 | _a(BD-RjUL)44920 | ||
| 040 |
_aBD-RjUL _bben _cBD-RjUL |
||
| 041 | _aben | ||
| 082 |
_223 _a297.63 _bMOB 1968 |
||
| 100 | 1 |
_aমোস্তফা, গোলাম _9124144 |
|
| 245 | 1 | 0 |
_aবিশ্বনবী / _cগোলাম মোস্তফা |
| 250 | _a১০ম সং. | ||
| 260 |
_aঢাকা : _bআহমদ পাবলিশিং হাউস, _c১৯৬৮ |
||
| 300 |
_a[১৬], ২২১, [৩] পৃ. : _bচিত্র ; _c২১ সেমি. |
||
| 504 | _aগ্রন্থপঞ্জি সংযুক্ত | ||
| 600 |
_aহযরত মুহাম্মদ (সা) _xজীবনী _9236985 |
||
| 600 |
_aHazrat Muḥammad (SM) _xBiography _9236986 |
||
| 942 |
_2ddc _cBK |
||
| 999 |
_c44802 _d44802 |
||